000 00487cam a22002054a 4500
005 20250605164325.0
008 250528s ||||||||||||||||||||||||d
035 _a23025
020 _a9780750600231
040 _aGR-AtMCL
_bgre
_dGR-AtMCL
_eAACR2
245 1 _aTHE MARKETING BOOK
250 _a2
260 _c1991
300 _a529
700 1 _aBaker J. Michael
_91982
942 _cBK
710 2 _aChartered Institute Of Marketing
_99815
999 _c8066
_d8066